ბათუმის შოთა რუსთაველის სახელმწიფო უნივერსიტეტის ბიბლიოთეკა

Euroscepticism : (ბიბ.ჩანაწერი № 53759)

000 -LEADER
fixed length control field 01097nam a2200277Ia 4500
001 - CONTROL NUMBER
control field 20807
003 - CONTROL NUMBER IDENTIFIER
control field GE_BSU
005 - DATE AND TIME OF LATEST TRANSACTION
control field 20210414142226.0
008 - FIXED-LENGTH DATA ELEMENTS--GENERAL INFORMATION
fixed length control field 181216s2004||||enk|||||||||||||| ||und||
020 ## - INTERNATIONAL STANDARD BOOK NUMBER
International Standard Book Number 9789042019461
040 ## - CATALOGING SOURCE
Transcribing agency GE_BSU
041 ## - LANGUAGE CODE
Language code of text/sound track or separate title eng
080 ## - UNIVERSAL DECIMAL CLASSIFICATION NUMBER
Universal Decimal Classification number 327 E-91
245 ## - TITLE STATEMENT
Title Euroscepticism :
Remainder of title Party Politics, National Identity and European Integration
Statement of responsibility, etc. edited by : Robert Harmsen, Menno Spiering.
264 ## - PRODUCTION, PUBLICATION, DISTRIBUTION, MANUFACTURE, AND COPYRIGHT NOTICE
Place of production, publication, distribution, manufacture Amsterdam,New York :
Name of producer, publisher, distributor, manufacturer Rodopi,
Date of production, publication, distribution, manufacture, or copyright notice 2004.
300 ## - PHYSICAL DESCRIPTION
Extent 294 p. ;
Dimensions 23 cm.
440 ## - SERIES STATEMENT/ADDED ENTRY--TITLE
Title EUROPEAN STUDIES An Interdisciplinary in European Culture,History and Politics 20
9 (RLIN) 11350
500 ## - GENERAL NOTE
General note bibliog. : 295-296p.
653 ## - INDEX TERM--UNCONTROLLED
keyword Euroscepticism : Party Politics, National Identity and European Integration
653 ## - INDEX TERM--UNCONTROLLED
keyword პარტიის პოლიტიკა, ეროვნული იდენტობა და ევროპული ინტეგრაცია
653 ## - INDEX TERM--UNCONTROLLED
keyword პოლიტიკა
700 ## - ADDED ENTRY--PERSONAL NAME
Personal name Harmsen, Robert
Relator term edited by
9 (RLIN) 11351
700 ## - ADDED ENTRY--PERSONAL NAME
Personal name Spiering, Menno
Relator term edited by
9 (RLIN) 11352
942 ## - ADDED ENTRY ELEMENTS (KOHA)
Koha item type წიგნი
Source of classification or shelving scheme
ეგზემპლარები
Withdrawn status Lost status Source of classification or shelving scheme Damaged status Not for loan Permanent Location Current Location Shelving location Date acquired Cost, normal purchase price Full call number Barcode Date last seen Copy number Price effective from Koha item type Public note
          ბათუმის შოთა რუსთაველის სახელმწიფო უნივერსიტეტის მთავარი ბიბლიოთეკა ბათუმის შოთა რუსთაველის სახელმწიფო უნივერსიტეტის მთავარი ბიბლიოთეკა წიგნსაცავი 2018-12-17 99.00 327 E-91 54188 2018-12-17 54188 2018-12-17 წიგნი 99.00 GEL.
          ბათუმის შოთა რუსთაველის სახელმწიფო უნივერსიტეტის მთავარი ბიბლიოთეკა ბათუმის შოთა რუსთაველის სახელმწიფო უნივერსიტეტის მთავარი ბიბლიოთეკა წიგნსაცავი 2018-12-17 99.00 327 E-91 54189 2018-12-17 54189 2018-12-17 წიგნი 99.00 GEL.